| 000 | 00483nam a22001697a 4500 | ||
|---|---|---|---|
| 005 | 20251108172034.0 | ||
| 008 | 250721s1981 xx 000 0 ara d | ||
| 082 | 1 | 4 | _a530.11/عبد |
| 100 | 1 | _aمرحبا، عبد الرحمن | |
| 245 | 1 | 0 | _aأينشتين و النظرية النسبية / |
| 250 | _aط8 | ||
| 264 | 1 |
_aبيروت : _bدار القلم، _c1981. |
|
| 300 | _a191ص | ||
| 650 | 1 | 7 | _aالنسبية ( الطبيعيات ) |
| 942 |
_2ddc _cBK |
||
| 999 |
_c68881 _d68881 |
||